[Event "Ste-Foy - Tal"]
[Site "Ste-Foy CAN"]
[Date "2016.12.17"]
[Round "5"]
[White "Sarra-Bournet, Marc"]
[Black "Lessard, Claude"]
[Result "0-1"]
[WhiteElo "1867"]
[BlackElo "2119"]
[PlyCount "64"]
[EventDate "2016.11.19"]
[EventType "tourn"]
[EventRounds "5"]
[EventCountry "CAN"]

1. e4 c6 2. d4 d5 3. Nc3 dxe4 4. Nxe4 Nf6 5. Nxf6+ exf6 6. Nf3 Bd6 7. Bd3 O-O
8. O-O Bg4 9. h3 Bh5 10. c3 Re8 11. Be3 Nd7 12. g4 Bg6 13. Bxg6 hxg6 14. c4 f5
15. Qd2 fxg4 16. hxg4 Nf6 17. Bg5 Qd7 18. Nh4 Qxg4+ 19. Ng2 Ne4 20. f3 Qxg5 21.
Qxg5 Nxg5 22. f4 Ne4 23. Rad1 Ng3 24. Rf3 Nf5 25. Kf1 Re4 26. Rfd3 Rae8 27. d5
c5 28. Rb3 b6 29. Ra3 R8e7 30. Rh3 Rxc4 31. Kf2 Rc2+ 32. Kf3 Rxg2 0-1

[Event "Ste-Foy - Tal"]
[Site "Ste-Foy CAN"]
[Date "2016.12.17"]
[Round "5"]
[White "Sauve, Richard"]
[Black "Laflamme, Simon"]
[Result "1-0"]
[WhiteElo "1882"]
[BlackElo "1841"]
[PlyCount "85"]
[EventDate "2016.11.19"]
[EventType "tourn"]
[EventRounds "5"]
[EventCountry "CAN"]

1. d4 d5 2. c4 dxc4 3. Nf3 Nf6 4. e3 e6 5. Bxc4 c5 6. O-O a6 7. a4 Nc6 8. Qe2
Qc7 9. Nc3 Be7 10. Rd1 O-O 11. Bd2 cxd4 12. exd4 Ng4 13. Be1 Rd8 14. d5 Nce5
15. Nxe5 Qxe5 16. Qxe5 Nxe5 17. Bb3 Kf8 18. Rac1 exd5 19. Bxd5 Bg4 20. f3 Bc5+
21. Bf2 Bxf2+ 22. Kxf2 Bf5 23. Bxb7 Nd3+ 24. Rxd3 Bxd3 25. Bxa8 Rxa8 26. Rd1
Bc4 27. Rd4 Rc8 28. g3 Ke7 29. h4 Be6 30. Ke3 Rb8 31. b4 Rc8 32. Kd2 Rc6 33. b5
axb5 34. axb5 Rb6 35. Kd3 Bb3 36. Nd5+ Bxd5 37. Rxd5 Ke6 38. Kc4 f5 39. Rd3 Ke5
40. Kc5 Rg6 41. b6 Rxg3 42. b7 Rg1 43. b8=Q+ 1-0

[Event "Ste-Foy CC-ch"]
[Site "Ste-Foy CAN"]
[Date "2016.05.14"]
[Round "1"]
[White "Bahadi, Khalid"]
[Black "Sarra-Bournet, Marc"]
[Result "1-0"]
[WhiteElo "1965"]
[BlackElo "1901"]
[PlyCount "139"]
[EventDate "2016.05.14"]
[EventType "tourn"]
[EventRounds "5"]
[EventCountry "CAN"]

1. e4 e5 2. Nf3 Nc6 3. Bc4 Bc5 4. c3 Nf6 5. O-O Nxe4 6. Bd5 Nxf2 7. Rxf2 Bxf2+
8. Kxf2 Ne7 9. Bb3 e4 10. Ng5 d5 11. d3 f6 12. Nh3 exd3 13. Qxd3 c6 14. Bf4 Bf5
15. Qg3 O-O 16. Nd2 Ng6 17. Bc7 Qd7 18. c4 Ne5 19. cxd5 cxd5 20. Ba5 Qb5 21.
Bc3 Qc5+ 22. Ke2 Bg4+ 23. Nf3 Rfe8 24. Kf1 Qb5+ 25. Kg1 Qc5+ 26. Kh1 Bxh3 27.
Qxh3 Nd3 28. Bd4 Nf2+ 29. Bxf2 Qxf2 30. Bxd5+ Kh8 31. b3 Re7 32. a4 Rae8 33.
Rg1 Qc5 34. Bc4 Re3 35. Qd7 R3e7 36. Qd4 Qb4 37. Qxa7 b6 38. Qa6 Rd8 39. Qb5
Qd6 40. h3 Re3 41. Qh5 g6 42. Qh6 g5 43. Rf1 Re4 44. Rf2 g4 45. hxg4 Rxg4 46.
Nh4 Qd4 47. Nf3 Qc3 48. Nh2 Rg6 49. Qf4 Rd4 50. Qb8+ Kg7 51. Qc7+ Kh6 52. Qxb6
Rh4 53. Re2 Qg3 54. Qe3+ Qxe3 55. Rxe3 Rd4 56. Kg1 Rd1+ 57. Kf2 Rd2+ 58. Re2
Rd6 59. Kf3 Rd4 60. a5 f5 61. a6 Rg7 62. Re6+ Kg5 63. Ke3 Rdd7 64. Nf3+ Kh5 65.
Ne5 Rc7 66. Be2+ Kh4 67. Kf4 Rg4+ 68. Bxg4 Rc4+ 69. bxc4 h5 70. Ng6# 1-0

[Event "Ste-Foy CC-ch"]
[Site "Ste-Foy CAN"]
[Date "2016.05.14"]
[Round "1"]
[White "Chouinard, Etienne"]
[Black "Dube, Daniel"]
[Result "1/2-1/2"]
[WhiteElo "1907"]
[BlackElo "1790"]
[PlyCount "77"]
[EventDate "2016.05.14"]
[EventType "tourn"]
[EventRounds "5"]
[EventCountry "CAN"]

1. e4 c5 2. Nf3 a6 3. d4 cxd4 4. Nxd4 e5 5. Nb3 Nf6 6. Bg5 h6 7. Bxf6 Qxf6 8.
Bd3 Be7 9. O-O d6 10. Nc3 Qg6 11. Nd5 Bh3 12. Qf3 Bg4 13. Nxe7 Kxe7 14. Qg3 Nc6
15. f3 Be6 16. Nd2 Qxg3 17. hxg3 Rac8 18. a3 Rhd8 19. Rac1 Nd4 20. f4 f6 21.
Nf3 Nxf3+ 22. gxf3 b5 23. Kf2 Bc4 24. Bxc4 Rxc4 25. Ke3 d5 26. fxe5 fxe5 27.
exd5 Rxd5 28. c3 Ke6 29. Rfd1 Rcc5 30. Rxd5 Rxd5 31. b4 Kd6 32. c4 bxc4 33.
Rxc4 Rd1 34. Rg4 g5 35. f4 exf4+ 36. gxf4 Ra1 37. fxg5 Rxa3+ 38. Kd2 hxg5 39.
Rxg5 1/2-1/2

[Event "Ste-Foy CC-ch"]
[Site "Ste-Foy CAN"]
[Date "2016.05.14"]
[Round "1"]
[White "Lessard, Claude"]
[Black "Sauve, Richard"]
[Result "1-0"]
[WhiteElo "2134"]
[BlackElo "1900"]
[PlyCount "73"]
[EventDate "2016.05.14"]
[EventType "tourn"]
[EventRounds "5"]
[EventCountry "CAN"]

1. d4 e6 2. c4 d5 3. Nf3 Nf6 4. Nc3 Be7 5. g3 O-O 6. Bg2 dxc4 7. O-O c5 8. e3
Nc6 9. Qe2 Bd7 10. Rd1 Rc8 11. Ne5 cxd4 12. exd4 Na5 13. d5 Qc7 14. Bh3 Rfd8
15. Nxf7 exd5 16. Bf4 Qc5 17. Nxd8 Bxh3 18. Ne6 Bg4 19. Qxg4 Nxg4 20. Nxc5 Bxc5
21. Rxd5 Nxf2 22. Kg2 Nd3 23. Ne4 Nxf4+ 24. gxf4 Bb6 25. Nd6 Rf8 26. Re1 Bc7
27. Ne8 Bb6 28. Re7 Rf7 29. Rxf7 Kxf7 30. Nd6+ Ke6 31. Rd1 Bc7 32. f5+ Ke5 33.
Ne8 Bb6 34. Nxg7 Kf6 35. Rd7 Be3 36. Ne8+ Ke5 37. Re7+ 1-0

[Event "Ste-Foy CC-ch"]
[Site "Ste-Foy CAN"]
[Date "2016.05.21"]
[Round "2"]
[White "Bahadi, Khalid"]
[Black "Lessard, Claude"]
[Result "0-1"]
[WhiteElo "1965"]
[BlackElo "2134"]
[PlyCount "110"]
[EventDate "2016.05.14"]
[EventType "tourn"]
[EventRounds "5"]
[EventCountry "CAN"]

1. e4 d6 2. d4 Nf6 3. Nc3 g6 4. f4 Bg7 5. Nf3 O-O 6. Be2 Na6 7. O-O c5 8. d5
Nc7 9. h3 a6 10. a4 Bd7 11. e5 Nh5 12. Kh2 f5 13. Ng5 dxe5 14. Bxh5 gxh5 15.
Qxh5 h6 16. Nf3 Be8 17. Qh4 e4 18. Ne5 e6 19. Qxd8 Rxd8 20. dxe6 Nxe6 21. Be3
Bxe5 22. fxe5 f4 23. Bf2 e3 24. Be1 Bc6 25. Ne2 Rd7 26. Bc3 Rg7 27. Rg1 Kh7 28.
Rad1 Rfg8 29. g3 f3 30. Rd6 Rg6 31. Rxe6 Rxe6 32. Nf4 Ree8 33. Nh5 Bxa4 34.
Nf6+ Kg6 35. Rf1 f2 36. Nd5 Bb5 37. Nxe3 Bxf1 38. Nxf1 Kf5 39. Kg2 h5 40. Kxf2
b5 41. b3 Rxe5 42. Bxe5 Kxe5 43. Kf3 Rf8+ 44. Ke2 Kd4 45. g4 hxg4 46. hxg4 a5
47. Ng3 c4 48. Nf5+ Kc3 49. Nd6 Kxc2 50. bxc4 b4 51. c5 b3 52. Ke3 b2 53. Nc4
b1=Q 54. Na3+ Kc1 55. Nxb1 Kxb1 0-1

[Event "Ste-Foy CC-ch"]
[Site "Ste-Foy CAN"]
[Date "2016.05.21"]
[Round "2"]
[White "Dube, Daniel"]
[Black "Sarra-Bournet, Marc"]
[Result "1-0"]
[WhiteElo "1790"]
[BlackElo "1901"]
[PlyCount "103"]
[EventDate "2016.05.14"]
[EventType "tourn"]
[EventRounds "5"]
[EventCountry "CAN"]

1. e4 e5 2. Nf3 Nc6 3. Bb5 a6 4. Bxc6 dxc6 5. O-O Bg4 6. h3 h5 7. d3 Qf6 8.
Nbd2 Rd8 9. Nc4 Bxf3 10. Qxf3 Qxf3 11. gxf3 f6 12. f4 b5 13. Na5 exf4 14. Bxf4
Bd6 15. Bxd6 Rxd6 16. Nb7 Re6 17. Nc5 Re5 18. d4 Rg5+ 19. Kh2 a5 20. f4 Rg6 21.
f5 Rg5 22. Ne6 Nh6 23. Nxg5 fxg5 24. f6 gxf6 25. Rxf6 Kd7 26. Raf1 g4 27. Rg6
gxh3 28. Kxh3 Rh7 29. e5 Ng4 30. e6+ Ke7 31. Rf7+ Rxf7 32. exf7 Kxf7 33. Rxc6
Ke7 34. Rxc7+ Kd6 35. Rc5 Ne3 36. Rxb5 Nxc2 37. Rxa5 Nxd4 38. Rxh5 Ne2 39. Kg4
Nc1 40. a4 Nd3 41. b3 Kc6 42. Kf3 Nc1 43. b4 Na2 44. Rh6+ Kb7 45. a5 Ka7 46. b5
Nc3 47. Rh7+ Ka8 48. b6 Nd5 49. Rd7 Nb4 50. a6 Nc6 51. Rc7 Nb8 52. Ra7# 1-0

[Event "Ste-Foy CC-ch"]
[Site "Ste-Foy CAN"]
[Date "2016.05.21"]
[Round "2"]
[White "Sauve, Richard"]
[Black "Chouinard, Etienne"]
[Result "1/2-1/2"]
[WhiteElo "1900"]
[BlackElo "1907"]
[PlyCount "48"]
[EventDate "2016.05.14"]
[EventType "tourn"]
[EventRounds "5"]
[EventCountry "CAN"]

1. d4 d5 2. c4 e6 3. Nc3 Nf6 4. Bg5 Nbd7 5. e3 c6 6. Nf3 Qa5 7. Nd2 Bb4 8. Qc2
O-O 9. a3 Bxc3 10. bxc3 dxc4 11. Bxf6 Nxf6 12. Nxc4 Qc7 13. Bd3 b5 14. Ne5 Bb7
15. O-O a6 16. c4 Rfc8 17. Rfc1 Qe7 18. Qb3 Nd7 19. cxb5 cxb5 20. Nxd7 Qxd7 21.
f3 f5 22. Qb2 g6 23. Bc2 Bd5 24. Bb3 Bxb3 1/2-1/2

[Event "Ste-Foy CC-ch"]
[Site "Ste-Foy CAN"]
[Date "2016.05.28"]
[Round "3"]
[White "Chouinard, Etienne"]
[Black "Bahadi, Khalid"]
[Result "0-1"]
[WhiteElo "1907"]
[BlackElo "1965"]
[PlyCount "78"]
[EventDate "2016.05.14"]
[EventType "tourn"]
[EventRounds "5"]
[EventCountry "CAN"]

1. d4 Nf6 2. e3 g6 3. Nf3 Bg7 4. Be2 O-O 5. O-O d6 6. Nbd2 Nc6 7. c3 e5 8. Nb3
Nd7 9. a4 f5 10. Qc2 Nf6 11. dxe5 dxe5 12. Rd1 Qe7 13. h3 h6 14. Nbd2 Kh7 15.
b3 Qe8 16. Ba3 Rf7 17. Bb5 Nh5 18. Nc4 e4 19. Bxc6 bxc6 20. Nd4 f4 21. Rd2 f3
22. Qd1 g5 23. Kh2 g4 24. g3 gxh3 25. Bd6 cxd6 26. Nxd6 Qf8 27. Nxf7 Qxf7 28.
Qc2 Nf6 29. Kh1 Qe8 30. Nxf3 Qg6 31. Nh2 Bg4 32. Rg1 Qf5 33. f4 Re8 34. Rd6 Nd5
35. Rxc6 Nxe3 36. Qd2 Bf3+ 37. Nxf3 exf3 38. Qf2 Qd5 39. Re1 Qxc6 0-1

[Event "Ste-Foy CC-ch"]
[Site "Ste-Foy CAN"]
[Date "2016.05.28"]
[Round "3"]
[White "Sarra-Bournet, Marc"]
[Black "Lessard, Claude"]
[Result "0-1"]
[WhiteElo "1901"]
[BlackElo "2134"]
[PlyCount "64"]
[EventDate "2016.05.14"]
[EventType "tourn"]
[EventRounds "5"]
[EventCountry "CAN"]

1. e4 d6 2. d4 Nf6 3. Nc3 g6 4. f4 Bg7 5. Nf3 O-O 6. Be2 Na6 7. O-O c5 8. d5
Nc7 9. h3 b5 10. e5 dxe5 11. fxe5 Nfxd5 12. Nxb5 Nxb5 13. Bxb5 Rb8 14. Bc4 Nb6
15. Bd3 Bb7 16. Qe2 e6 17. Bg5 Bxf3 18. Rxf3 Qxg5 19. Re1 Nd5 20. b3 Nf4 21.
Qf2 Nxd3 22. Rxd3 Bxe5 23. c3 Rbd8 24. Rde3 Bc7 25. h4 Qh5 26. c4 Rd1 27. Re4
Rxe1+ 28. Qxe1 Rd8 29. g4 Qh6 30. Kf1 Qd2 31. a4 Qh2 32. Re3 Qh1+ 0-1

[Event "Ste-Foy CC-ch"]
[Site "Ste-Foy CAN"]
[Date "2016.05.28"]
[Round "3"]
[White "Sauve, Richard"]
[Black "Dube, Daniel"]
[Result "0-1"]
[WhiteElo "1900"]
[BlackElo "1790"]
[PlyCount "58"]
[EventDate "2016.05.14"]
[EventType "tourn"]
[EventRounds "5"]
[EventCountry "CAN"]

1. d4 Nf6 2. c4 e6 3. Nc3 Bb4 4. Qc2 d5 5. e3 O-O 6. Nf3 b6 7. a3 Bxc3+ 8. Qxc3
dxc4 9. Bxc4 Ba6 10. O-O Bb7 11. b4 Nbd7 12. Bb2 Ne4 13. Qc2 Bd5 14. Rac1 c6
15. Bxd5 cxd5 16. Qc7 Ndf6 17. Ne5 Qxc7 18. Rxc7 Rfc8 19. Rfc1 Rxc7 20. Rxc7
Nd6 21. Nc6 a5 22. bxa5 bxa5 23. Ra7 Rxa7 24. Nxa7 Nc4 25. Bc1 Ne4 26. Kf1 Nc3
27. Ke1 a4 28. f3 Kf8 29. Kf1 Na2 0-1

[Event "Ste-Foy CC-ch"]
[Site "Ste-Foy CAN"]
[Date "2016.06.04"]
[Round "4"]
[White "Dube, Daniel"]
[Black "Bahadi, Khalid"]
[Result "1-0"]
[WhiteElo "1790"]
[BlackElo "1965"]
[PlyCount "65"]
[EventDate "2016.05.14"]
[EventType "tourn"]
[EventRounds "5"]
[EventCountry "CAN"]

1. e4 d6 2. d4 Nf6 3. Nc3 g6 4. Nf3 Bg7 5. Be2 Nc6 6. Bf4 O-O 7. h3 Nd7 8. Qd2
e5 9. dxe5 Ndxe5 10. Nxe5 Nxe5 11. Bh6 Be6 12. Bxg7 Kxg7 13. O-O-O a6 14. f4
Nd7 15. g4 f6 16. h4 b5 17. f5 Bc4 18. Bxc4 bxc4 19. Nd5 Rb8 20. Nf4 Nc5 21.
Qd5 Qe8 22. Qxc4 Qe5 23. Nd3 Nxd3+ 24. Rxd3 Qxb2+ 25. Kd2 Qb4+ 26. Rc3 Rf7 27.
h5 Re7 28. hxg6 hxg6 29. Qxb4 Rxb4 30. Rch3 Kf7 31. Rh8 gxf5 32. gxf5 Rd4+ 33.
Kc3 1-0

[Event "Ste-Foy CC-ch"]
[Site "Ste-Foy CAN"]
[Date "2016.06.04"]
[Round "4"]
[White "Lessard, Claude"]
[Black "Chouinard, Etienne"]
[Result "1/2-1/2"]
[WhiteElo "2134"]
[BlackElo "1907"]
[PlyCount "101"]
[EventDate "2016.05.14"]
[EventType "tourn"]
[EventRounds "5"]
[EventCountry "CAN"]

1. d4 d5 2. e4 e6 3. Be3 Nf6 4. e5 Nfd7 5. f4 c5 6. c3 Nc6 7. Nf3 Be7 8. Be2
O-O 9. O-O cxd4 10. cxd4 Qb6 11. Qc1 f6 12. Nc3 fxe5 13. fxe5 Rf7 14. a3 Nf8
15. Bd3 Bd7 16. Qc2 Rxf3 17. gxf3 Nxe5 18. Be2 Rc8 19. Qd2 Nc4 20. Bxc4 Rxc4
21. Rac1 Bf6 22. Rfd1 Ng6 23. Ne2 Nh4 24. Kf2 Rxc1 25. Rxc1 Nf5 26. Qb4 Bh4+
27. Ng3 Qxb4 28. axb4 Bc6 29. b5 Bxb5 30. Rc8+ Kf7 31. Rc7+ Kf6 32. Rxb7 a6 33.
b3 h6 34. f4 g5 35. fxg5+ hxg5 36. Rb8 Bd3 37. Kf3 g4+ 38. Kxg4 Bxg3 39. Bg5+
Kg6 40. hxg3 Nxd4 41. Be3 Bf5+ 42. Kf4 e5+ 43. Kxe5 Nc6+ 44. Kxd5 Nxb8 45. b4
Nd7 46. Kc6 Nf6 47. Bf4 Kh5 48. Kc5 Bd3 49. Kd4 Bb5 50. Kc3 Nd5+ 51. Kb3
1/2-1/2

[Event "Ste-Foy CC-ch"]
[Site "Ste-Foy CAN"]
[Date "2016.06.04"]
[Round "4"]
[White "Sarra-Bournet, Marc"]
[Black "Sauve, Richard"]
[Result "0-1"]
[WhiteElo "1901"]
[BlackElo "1900"]
[PlyCount "126"]
[EventDate "2016.05.14"]
[EventType "tourn"]
[EventRounds "5"]
[EventCountry "CAN"]

1. e4 e6 2. d4 d5 3. Nd2 Nf6 4. e5 Nfd7 5. f4 c5 6. c3 Nc6 7. Ne2 Qb6 8. Nf3
Be7 9. g3 O-O 10. Bh3 cxd4 11. cxd4 Qa6 12. O-O Nb6 13. b3 Bd7 14. a4 Rac8 15.
Ba3 Bxa3 16. Rxa3 Nb4 17. Ne1 Bb5 18. Qd2 Qa5 19. Ra1 Bxe2 20. Qxe2 Rc3 21. f5
exf5 22. Rxf5 Nc6 23. Rf4 Qb4 24. e6 f6 25. Rb1 Nc8 26. Nc2 Qb6 27. e7 N6xe7
28. Be6+ Kh8 29. Bxc8 Nxc8 30. Ne1 Rxb3 31. Rc1 Qd8 32. Ng2 Rb4 33. Rh4 Qe8 34.
Qc2 f5 35. Qc7 Rb2 36. Nf4 Qe3+ 37. Kh1 Qe4+ 38. Kg1 Qxd4+ 39. Kh1 Qe4+ 40. Kg1
Qe3+ 41. Kh1 Kg8 42. a5 Re8 43. Rf1 Rf2 44. Qc1 Qf3+ 45. Kg1 Rxf1+ 46. Qxf1
Qxf1+ 47. Kxf1 g5 48. Rh5 gxf4 49. Rxf5 fxg3 50. Rg5+ Kf7 51. hxg3 Ne7 52. Rh5
Kg6 53. g4 d4 54. Ke2 Nc6+ 55. Kd3 Re3+ 56. Kc4 Rc3+ 57. Kb5 d3 58. Rd5 Ra3 59.
Kc4 Rxa5 60. Rd6+ Kg5 61. Kxd3 Kxg4 62. Rh6 Rh5 63. Rd6 Rd5+ 0-1

[Event "Ste-Foy CC-ch"]
[Site "Ste-Foy CAN"]
[Date "2016.06.11"]
[Round "5"]
[White "Bahadi, Khalid"]
[Black "Sauve, Richard"]
[Result "0-1"]
[WhiteElo "1965"]
[BlackElo "1900"]
[PlyCount "64"]
[EventDate "2016.05.14"]
[EventType "tourn"]
[EventRounds "5"]
[EventCountry "CAN"]

1. e4 e6 2. d4 d5 3. Nc3 Nf6 4. Bg5 Bb4 5. a3 Bxc3+ 6. bxc3 dxe4 7. f3 Qd5 8.
Bxf6 gxf6 9. fxe4 Qxe4+ 10. Kf2 e5 11. Nf3 Bg4 12. Bd3 Qd5 13. Re1 Bxf3 14.
gxf3 Nc6 15. Rb1 O-O-O 16. Rb5 Qd7 17. Be4 Qh3 18. d5 Qxh2+ 19. Ke3 Qf4+ 20.
Ke2 f5 21. Bd3 e4 22. dxc6 Qxf3+ 23. Kd2 Qf4+ 24. Re3 Rhg8 25. Qe2 exd3 26.
cxd3 bxc6 27. Rb4 Qg5 28. Qe1 f4 29. Rf3 Rge8 30. Qf1 Qd5 31. Qh3+ f5 32. Rc4
Qxc4 0-1

[Event "Ste-Foy CC-ch"]
[Site "Ste-Foy CAN"]
[Date "2016.06.11"]
[Round "5"]
[White "Chouinard, Etienne"]
[Black "Sarra-Bournet, Marc"]
[Result "0-1"]
[WhiteElo "1907"]
[BlackElo "1901"]
[PlyCount "46"]
[EventDate "2016.05.14"]
[EventType "tourn"]
[EventRounds "5"]
[EventCountry "CAN"]

1. e4 e5 2. Nf3 Nc6 3. Bc4 Bc5 4. O-O Nf6 5. d3 O-O 6. Bg5 d6 7. Nc3 Be6 8. Bb3
Bd4 9. Nxd4 Nxd4 10. f4 h6 11. fxe5 hxg5 12. exf6 gxf6 13. Ne2 Bg4 14. Nxd4
Bxd1 15. Raxd1 d5 16. Nf5 c6 17. g4 Re8 18. Rf3 Re5 19. exd5 cxd5 20. Rdf1 Qb6+
21. Kh1 Rae8 22. Nh6+ Kg7 23. Rh3 Rh8 0-1

[Event "Ste-Foy CC-ch"]
[Site "Ste-Foy CAN"]
[Date "2016.06.11"]
[Round "5"]
[White "Dube, Daniel"]
[Black "Lessard, Claude"]
[Result "0-1"]
[WhiteElo "1790"]
[BlackElo "2134"]
[PlyCount "58"]
[EventDate "2016.05.14"]
[EventType "tourn"]
[EventRounds "5"]
[EventCountry "CAN"]

1. e4 c6 2. d4 d5 3. Nc3 dxe4 4. Nxe4 Nf6 5. Nxf6+ exf6 6. c3 Bd6 7. Bd3 O-O 8.
Qc2 Re8+ 9. Be3 g6 10. h4 f5 11. h5 f4 12. hxg6 hxg6 13. Bxg6 Qf6 14. Bh7+ Kf8
15. O-O-O fxe3 16. fxe3 Rxe3 17. Ne2 Bg4 18. Rdf1 Qg7 19. Nf4 Bxf4 20. Rxf4 Nd7
21. Bg6 Nf6 22. Rhf1 Qh6 23. Qd2 Rae8 24. Rxf6 Re1+ 25. Kc2 R1e2 26. Rxf7+ Kg8
27. Bh7+ Kh8 28. Qxe2 Rxe2+ 29. Kb3 Be6+ 0-1

[Event "Toronto Closed"]
[Site "Toronto CAN"]
[Date "2016.04.04"]
[Round "1"]
[White "Humphreys, Michael"]
[Black "Plotkin, Victor"]
[Result "0-1"]
[WhiteElo "2361"]
[BlackElo "2417"]
[PlyCount "82"]
[EventDate "2016.04.04"]
[EventType "tourn"]
[EventRounds "7"]
[EventCountry "CAN"]

1. c4 Nf6 2. Nc3 e5 3. Nf3 d6 4. d4 Nc6 5. d5 Ne7 6. e4 g6 7. c5 Bg7 8. cxd6
cxd6 9. Bb5+ Bd7 10. Bxd7+ Qxd7 11. O-O O-O 12. a4 h6 13. a5 Rfc8 14. Qa4 Qg4
15. h3 Qh5 16. Qb4 Ne8 17. Qxb7 Kf8 18. Re1 g5 19. Qd7 Rc7 20. Qg4 Qg6 21. Nd2
Kg8 22. Qe2 f5 23. Ra4 Nf6 24. Rc4 Rd7 25. exf5 Qxf5 26. Nde4 Nfxd5 27. Nxd5
Nxd5 28. Qd1 Qf7 29. Rc6 Rad8 30. Bxg5 Nb4 31. Bxd8 Nxc6 32. Bh4 Nxa5 33. Qg4
Kh8 34. Nf6 Rc7 35. Qf5 Bf8 36. Re3 Nc6 37. Rf3 Nd4 38. Qe4 Nxf3+ 39. gxf3 Rc4
40. Qa8 Rxh4 41. Ng4 h5 0-1

[Event "Toronto Closed"]
[Site "Toronto CAN"]
[Date "2016.04.04"]
[Round "1"]
[White "Malakhovets, Sergey"]
[Black "Bellissimo, Joseph"]
[Result "0-1"]
[WhiteElo "2123"]
[BlackElo "2250"]
[PlyCount "116"]
[EventDate "2016.04.04"]
[EventType "tourn"]
[EventRounds "7"]
[EventCountry "CAN"]

1. d4 Nf6 2. c4 e6 3. g3 Bb4+ 4. Bd2 Qe7 5. Bg2 Nc6 6. e3 e5 7. d5 Nb8 8. Ne2
Bxd2+ 9. Nxd2 d6 10. Qc2 O-O 11. h3 a5 12. Nc3 Na6 13. O-O Bd7 14. a3 c6 15.
dxc6 bxc6 16. Rad1 Nc7 17. Na4 Ra7 18. Rde1 d5 19. e4 d4 20. c5 Ne6 21. Kh2 Nh5
22. Rc1 Bc8 23. Qd1 g6 24. Bf3 Nhg7 25. b4 Qf6 26. Nb6 Ba6 27. Nbc4 axb4 28.
axb4 Rb8 29. Qa4 Ng5 30. Bg2 Rbb7 31. Qb3 N5e6 32. Qf3 Qxf3 33. Nxf3 f6 34. Na5
Bxf1 35. Bxf1 Rc7 36. Nd2 Kf7 37. Ndc4 Ke7 38. Ra1 Nd8 39. f4 exf4 40. gxf4
Nge6 41. Kg3 Rcb7 42. Nb6 Rb8 43. Bc4 Nc7 44. Rd1 Na8 45. Rxd4 Nxb6 46. cxb6
Rxb6 47. Bg8 Ne6 48. Rc4 c5 49. bxc5 Rba6 50. Nb3 Ra3 51. Rb4 Nxc5 52. Bd5 Rd7
53. Kg4 Rxd5 54. exd5 Rxb3 55. Rxb3 Nxb3 56. f5 g5 57. Kh5 Nd4 58. h4 gxh4 0-1

[Event "Toronto Closed"]
[Site "Toronto CAN"]
[Date "2016.04.11"]
[Round "2"]
[White "Bellissimo, Joseph"]
[Black "Humphreys, Michael"]
[Result "1-0"]
[WhiteElo "2250"]
[BlackElo "2361"]
[PlyCount "99"]
[EventDate "2016.04.04"]
[EventType "tourn"]
[EventRounds "7"]
[EventCountry "CAN"]

1. e4 e6 2. d4 d5 3. Nd2 Nf6 4. e5 Nfd7 5. f4 c5 6. c3 Nc6 7. Ndf3 Qb6 8. Ne2
Be7 9. h4 O-O 10. a3 a6 11. Rh3 cxd4 12. cxd4 f6 13. Qd3 Qb5 14. Nc3 Qxd3 15.
Bxd3 f5 16. Bd2 Nb6 17. b3 Bd7 18. Ke2 Rfc8 19. Nd1 a5 20. Ne3 a4 21. b4 Na7
22. g4 fxg4 23. Nxg4 Bb5 24. Ng5 Rc6 25. Rg1 Bxd3+ 26. Kxd3 Nb5 27. Rhg3 Bxg5
28. hxg5 Rac8 29. Nf6+ Kh8 30. g6 Rc3+ 31. Bxc3 Rxc3+ 32. Kd2 Nc4+ 33. Ke1 Rc1+
34. Kf2 Rc2+ 35. Kf3 Rc3+ 36. Kg4 Rxg3+ 37. Rxg3 gxf6 38. exf6 hxg6 39. Rh3+
Kg8 40. Kg5 Nbd6 41. Kxg6 Nf7 42. Rh7 Ncd6 43. Rg7+ Kf8 44. Kh7 Ke8 45. Rg8+
Kd7 46. Kg7 Nd8 47. Rxd8+ Kxd8 48. f7 Nxf7 49. Kxf7 Kd7 50. Kf6 1-0

[Event "Toronto Closed"]
[Site "Toronto CAN"]
[Date "2016.04.18"]
[Round "3"]
[White "Malakhovets, Sergey"]
[Black "Southam, David"]
[Result "0-1"]
[WhiteElo "2123"]
[BlackElo "2148"]
[PlyCount "108"]
[EventDate "2016.04.04"]
[EventType "tourn"]
[EventRounds "7"]
[EventCountry "CAN"]

1. d4 e6 2. Nf3 f5 3. Bf4 Nf6 4. e3 Be7 5. h3 b6 6. Nbd2 Bb7 7. Bd3 Ne4 8. c3
c5 9. Qc2 d5 10. Bxb8 Nxd2 11. Qxd2 Rxb8 12. Bb5+ Kf8 13. Ne5 Kg8 14. O-O Bf6
15. f4 a6 16. Be2 g6 17. a4 Qe7 18. a5 b5 19. Nd3 c4 20. Nc5 Kf7 21. g4 Qc7 22.
b3 cxb3 23. Rfb1 Be7 24. Nd3 Bd6 25. Rxb3 Rbc8 26. Kg2 Ke7 27. Qe1 Kd7 28. Ne5+
Bxe5 29. fxe5 Qd8 30. Qg3 Qe7 31. Bd3 h5 32. Be2 hxg4 33. hxg4 Rh7 34. Rh1 Rxh1
35. Kxh1 Rc4 36. gxf5 gxf5 37. Kg2 Qh7 38. Kf2 Rc8 39. Ke1 Rg8 40. Qf3 Qh2 41.
Kd2 Rg2 42. Rb1 Rf2 43. Rh1 Rxe2+ 44. Kd1 Rd2+ 45. Ke1 Qg2 46. Rh7+ Kc6 47.
Qxg2 Rxg2 48. Re7 Bc8 49. Re8 Kc7 50. Rh8 Rc2 51. Rh7+ Bd7 52. Rh8 Rxc3 53. Ra8
Bc8 54. Kd2 Kb7 0-1

[Event "Toronto Closed"]
[Site "Toronto CAN"]
[Date "2016.04.18"]
[Round "3"]
[White "Plotkin, Victor"]
[Black "Bellissimo, Joseph"]
[Result "1/2-1/2"]
[WhiteElo "2417"]
[BlackElo "2250"]
[PlyCount "84"]
[EventDate "2016.04.04"]
[EventType "tourn"]
[EventRounds "7"]
[EventCountry "CAN"]

1. d4 Nf6 2. Nf3 e6 3. g3 b5 4. Bg2 Bb7 5. O-O c5 6. c3 Nc6 7. Nbd2 Qb6 8. e3
Be7 9. Qe2 d6 10. e4 O-O 11. e5 dxe5 12. dxe5 Nd7 13. Re1 a6 14. h4 Bd8 15. Nf1
Bc7 16. Bf4 Rae8 17. Rad1 Re7 18. Bh3 Ncxe5 19. Bxe5 Nxe5 20. Nxe5 Bxe5 21. Ne3
f6 22. f4 Bd6 23. Rxd6 Qxd6 24. Nf5 exf5 25. Qxe7 Qxe7 26. Rxe7 Be4 27. Rd7 Re8
28. Kf2 Re6 29. Bf1 Bc6 30. Rd8+ Kf7 31. a4 c4 32. Be2 Re8 33. Rxe8 Kxe8 34.
Ke3 Ke7 35. Kd4 Kd6 36. Bd1 Be4 37. Bh5 g6 38. Bd1 Bd5 39. Be2 Bc6 40. a5 h5
41. Bd1 Bd5 42. Bc2 Be6 1/2-1/2

[Event "Toronto Closed"]
[Site "Toronto CAN"]
[Date "2016.04.25"]
[Round "4"]
[White "Southam, David"]
[Black "Humphreys, Michael"]
[Result "0-1"]
[WhiteElo "2148"]
[BlackElo "2361"]
[PlyCount "52"]
[EventDate "2016.04.04"]
[EventType "tourn"]
[EventRounds "7"]
[EventCountry "CAN"]

1. d4 Nf6 2. Bf4 d5 3. e3 c5 4. c3 Nc6 5. Nd2 cxd4 6. cxd4 Bf5 7. a3 Rc8 8.
Ngf3 e6 9. Be2 Be7 10. h3 h6 11. O-O O-O 12. b4 Qb6 13. Ne1 Rfd8 14. Kh1 Bg6
15. Bh2 Ne4 16. Nxe4 dxe4 17. Qb1 Bf6 18. Qb2 Nxd4 19. exd4 Bxd4 20. Qa2 Bxa1
21. Qxa1 Rd2 22. Bd1 Rxf2 23. Rxf2 Qxf2 24. Ba4 Qd2 25. Bc2 e3 26. Bxg6 Rc1 0-1

[Event "Transcontinental ABCDEFG"]
[Site "Montreal CAN"]
[Date "2016.12.09"]
[Round "1"]
[White "Zhong, Kevin"]
[Black "Joanis, Marc-Andre"]
[Result "1-0"]
[WhiteElo "1796"]
[BlackElo "1816"]
[PlyCount "47"]
[EventDate "2016.12.09"]
[EventType "tourn"]
[EventRounds "5"]
[EventCountry "CAN"]

1. e4 c6 2. d4 d5 3. exd5 cxd5 4. c4 Nf6 5. Nc3 Nc6 6. Bg5 Be6 7. Be2 Qa5 8.
Qd2 dxc4 9. Bxf6 exf6 10. d5 O-O-O 11. Bxc4 Ne5 12. Qd4 Qb4 13. Rc1 Bc5 14. Qe4
Nxc4 15. dxe6 Rhe8 16. Nge2 Rxe6 17. Qf5 g6 18. Qh3 f5 19. O-O Kb8 20. Qh4 Rde8
21. Nd5 Qxb2 22. Qxc4 Rxe2 23. Qxc5 Qe5 24. f4 1-0

[Event "Transcontinental ABCDEFG"]
[Site "Montreal CAN"]
[Date "2016.12.10"]
[Round "2"]
[White "Lamarche, Michel"]
[Black "Villeneuve, Robert"]
[Result "1-0"]
[WhiteElo "1906"]
[BlackElo "1924"]
[PlyCount "72"]
[EventDate "2016.12.09"]
[EventType "tourn"]
[EventRounds "5"]
[EventCountry "CAN"]

1. e4 c5 2. Nf3 d6 3. Bb5+ Nd7 4. c4 g6 5. O-O Bg7 6. Nc3 Ngf6 7. d3 O-O 8. Nh4
Ne8 9. f4 Nc7 10. Ba4 Ne6 11. Nf3 Nd4 12. Kh1 Nb8 13. Nxd4 cxd4 14. Ne2 f5 15.
Ng3 e6 16. b4 a5 17. a3 axb4 18. axb4 Na6 19. Ba3 Bd7 20. Bb3 Kh8 21. e5 dxe5
22. b5 Nc7 23. Bxf8 Qxf8 24. Rxa8 Nxa8 25. fxe5 Bxe5 26. Qe1 Bc7 27. Qa1 e5 28.
Qa7 Nb6 29. Qxb7 Qc5 30. Ra1 e4 31. Ra7 Bxg3 32. hxg3 e3 33. Bd1 Qd6 34. Qc7
Qb4 35. Qxb6 Qe1+ 36. Kh2 Qxd1 1-0